| Tag |
First Indicator |
Second Indicator |
Subfields |
| LEADER |
00000cam a2200000 4500 |
| 001 |
in00000023289 |
| 005 |
20151007064349.0 |
| 008 |
770513s1953 enka 00000 eng |
| 010 |
|
|
|a 53010447
|
| 035 |
|
|
|a (OCoLC)02962747
|
| 035 |
|
|
|9 AAD9668AM
|
| 040 |
|
|
|a DLC
|c DMM
|d TXA
|d UtOrBLW
|
| 049 |
|
|
|a TXAM
|c [223315]
|
| 050 |
|
0 |
|a PQ4691
|b .V55
|
| 082 |
0 |
|
|a 928.5
|
| 092 |
|
|
|a 851
|b F747Yv
|
| 100 |
1 |
|
|a Vincent, Eric Reginald Pearce,
|d 1894-
|
| 245 |
1 |
0 |
|a Ugo Foscolo, an Italian in Regency England.
|
| 264 |
|
1 |
|a Cambridge [England] :
|b University Press,
|c 1953.
|
| 300 |
|
|
|a 254 pages :
|b illustrations ;
|c 23 cm.
|
| 336 |
|
|
|a text
|b txt
|2 rdacontent
|
| 337 |
|
|
|a unmediated
|b n
|2 rdamedia
|
| 338 |
|
|
|a volume
|b nc
|2 rdacarrier
|
| 600 |
1 |
0 |
|a Foscolo, Ugo,
|d 1778-1827.
|
| 999 |
|
|
|a MARS
|
| 999 |
f |
f |
|s 29fab6a3-6cfd-331a-85ee-60c2acba8333
|i abe3b8bd-5a0a-31a3-b913-8172d182c823
|t 0
|
| 952 |
f |
f |
|p ric
|a Texas A&M University
|b Rellis Campus
|c Joint Library Facility
|d Remote Storage
|t 0
|e PQ4691 .V55
|h Library of Congress classification
|i unmediated -- volume
|m A14801376011
|
| 998 |
f |
f |
|a PQ4691 .V55
|t 0
|l Remote Storage
|